<?xml version="1.0" encoding="UTF-8"?>
<record
    xmlns:xsi="http://www.w3.org/2001/XMLSchema-instance"
    xsi:schemaLocation="http://www.loc.gov/MARC21/slim http://www.loc.gov/standards/marcxml/schema/MARC21slim.xsd"
    xmlns="http://www.loc.gov/MARC21/slim">

  <leader>01432    a2200229   4500</leader>
  <controlfield tag="001">60332</controlfield>
  <controlfield tag="005">20260407155853.0</controlfield>
  <controlfield tag="008">260407a1984    arg                 spa d</controlfield>
  <controlfield tag="003">AR-UNSa-BCEJYS</controlfield>
  <datafield tag="040" ind1=" " ind2=" ">
    <subfield code="a">AR-UNSa-BCEJYS</subfield>
    <subfield code="b">spa</subfield>
    <subfield code="c">AR-UNSa-BCEJYS</subfield>
  </datafield>
  <datafield tag="080" ind1=" " ind2=" ">
    <subfield code="a">658.15</subfield>
    <subfield code="x">Administraci&#xF3;n financiera privada. Gesti&#xF3;n financiera de empresas
</subfield>
  </datafield>
  <datafield tag="245" ind1="1" ind2="0">
    <subfield code="a">C&#xF3;mo comprender las finanzas de una compa&#xF1;ia</subfield>
    <subfield code="p">Un enfoque gr&#xE1;fico</subfield>
  </datafield>
  <datafield tag="020" ind1=" " ind2=" ">
    <subfield code="a">958-04-0378-3</subfield>
  </datafield>
  <datafield tag="264" ind1=" " ind2="1">
    <subfield code="a">Bogot&#xE1; :</subfield>
    <subfield code="b">Norma</subfield>
    <subfield code="c">1984</subfield>
  </datafield>
  <datafield tag="300" ind1=" " ind2=" ">
    <subfield code="a">144 p.</subfield>
    <subfield code="c">17 cm.</subfield>
  </datafield>
  <datafield tag="505" ind1=" " ind2=" ">
    <subfield code="a">1. Representaci&#xF3;n del desarrollo de una compa&#xF1;&#xED;a &#x2013; 2. Representaci&#xF3;n del funcionamiento de una compa&#xF1;&#xED;a &#x2013; 3. Representaci&#xF3;n del estado de p&#xE9;rdidas y ganancias &#x2013; 4. Representaci&#xF3;n del balance general &#x2013; 5. La gr&#xE1;fica completa &#x2013; 6. De c&#xF3;mo las cifras de los informes reflejan las actuaciones de la compa&#xF1;&#xED;a &#x2013; 7. De c&#xF3;mo las cifras de los estados financieros reflejan los negocios de una compa&#xF1;&#xED;a durante un per&#xED;odo. 8. Del efectivo y otros bienes &#x2013; 9. Utilidad y efectivo &#x2013; 10. Gr&#xE1;fica de una compa&#xF1;&#xED;a cualquiera &#x2013; 11. Razones financieras para comparaci&#xF3;n y an&#xE1;lisis &#x2013; 12. El futuro &#x2013; 13. &#xBF;Qu&#xE9; pasar&#xED;a si &#x2026;? &#x2013; 14. Evaluaci&#xF3;n de las finanzas de una compa&#xF1;&#xED;a &#x2013; 15. &#xBF;Qui&#xE9;n se beneficia de la utilidad? - </subfield>
  </datafield>
  <datafield tag="041" ind1=" " ind2=" ">
    <subfield code="a">spa</subfield>
  </datafield>
  <datafield tag="942" ind1=" " ind2=" ">
    <subfield code="c">BK</subfield>
  </datafield>
  <datafield tag="590" ind1=" " ind2=" ">
    <subfield code="a">niveau_biblio:m niveau_hierar:0</subfield>
  </datafield>
  <datafield tag="100" ind1="1" ind2=" ">
    <subfield code="a">Purcell, W.R.</subfield>
  </datafield>
  <datafield tag="700" ind1="1" ind2=" ">
    <subfield code="a">V&#xE9;lez, Ignacio</subfield>
  </datafield>
  <datafield tag="999" ind1=" " ind2=" ">
    <subfield code="c">6903</subfield>
    <subfield code="d">6903</subfield>
  </datafield>
  <datafield tag="952" ind1=" " ind2=" ">
    <subfield code="0">0</subfield>
    <subfield code="1">0</subfield>
    <subfield code="4">0</subfield>
    <subfield code="7">0</subfield>
    <subfield code="a">BCEJYS</subfield>
    <subfield code="b">BCEJYS</subfield>
    <subfield code="c">16</subfield>
    <subfield code="d">2026-04-07</subfield>
    <subfield code="l">0</subfield>
    <subfield code="o">658.15 P985</subfield>
    <subfield code="p">L129081</subfield>
    <subfield code="r">2026-04-07 15:58:53</subfield>
    <subfield code="w">2026-04-07</subfield>
    <subfield code="y">L</subfield>
  </datafield>
</record>
